00000000cam 2200000zi 4500
0019.945577
003CaOODSP
00520260202114808
006m     o  d f      
007cr |n|||||||||
008241126s1983    onc     ob   f000 0 fre d
040 |aCaOODSP|bfre|erda|cCaOODSP
043 |an-cn---
0861 |aJ2-501/1983F-PDF
1001 |aMacGuigan, Mark, |d1931-1998 |eauteur.
24513|aLa réforme du Sénat : |bdocument de travail / |cle ministre de la Justice, l'honorable Mark MacGuigan.
264 1|a[Ottawa] : |bGouvernement du Canada = Government of Canada, |c[1983]
300 |a1 ressource en ligne (2, 44 pages)
336 |atexte|btxt|2rdacontent/fre
337 |ainformatique|bc|2rdamedia/fre
338 |aressource en ligne|bcr|2rdacarrier/fre
500 |aÉdition numérisée de l'imprimée [par Direction des publications du Gouvernement du Canada].
500 |aPublié aussi en anglais sous le titre : Reform of the Senate : a discussion paper.
504 |aComprend des références bibliographiques.
61016|aCanada.|bParlement.|bSénat|xRéforme.
650 6|aParlements|zCanada|xRéforme.
7101 |aCanada. |bMinistère de la justice, |eorganisme de publication.
77508|tReform of the Senate : |w(CaOODSP)9.902404
85640|qPDF|s3.95 Mo|uhttps://publications.gc.ca/collections/collection_2024/jus/J2-501-1983-fra.pdf